Минералогия в таблицах: справочное пособие для учащихся Школы юного геолога

Opis bibliograficzny
Korporacja: Национальный исследовательский Томский политехнический университет (ТПУ)
Kolejni autorzy: Мартынова Н. Н. Надежда Николаевна (составитель)
Streszczenie:В справочном пособии-определителе описано 100 минералов и их разновидностей. Описание минералов представлено в виде таблиц, в которых отмечены характерные свойства минералов (химическая формула, сингония, кристаллографические формы выделения, цвет, блеск, удельный вес, сходные минералы и их отличия, в каких породах встречаются, спутники и их значение).Для каждого минерала отрисованы и представлены в цветовом многообразии кристалломорфологические формы минералов, а также подобраны фото и описание физических свойств из интернет ресурса (<http://.catalogmineralov.ru/>), что дает возможность для самостоятельного изучения минералов. Предназначено для школьников старших классов, обучающихся в ШКОЛЕ ЮНОГО ГЕОЛОГА при Томском политехническом университете.
Język:rosyjski
Wydane: Томск, Изд-во ТПУ, 2014
Hasła przedmiotowe:
Format: Książka
KOHA link:https://koha.lib.tpu.ru/cgi-bin/koha/opac-detail.pl?biblionumber=260650

MARC

LEADER 00000nam0a2200000 4500
001 260650
005 20231101233510.0
035 |a (RuTPU)RU\TPU\book\283603 
090 |a 260650 
100 |a 20140516d2014 em y0rusy50 ca 
101 0 |a rus 
102 |a RU 
105 |a a g 001zy 
200 1 |a Минералогия в таблицах  |e справочное пособие для учащихся Школы юного геолога  |f Национальный исследовательский Томский политехнический университет (ТПУ) ; сост. Н. Н. Мартынова 
210 |a Томск  |c Изд-во ТПУ  |d 2014 
215 |a 112 с.  |c ил. 
320 |a Алфавитный указатель минералов: с. 110. 
320 |a Список использованной литературы: с. 111. 
330 |a В справочном пособии-определителе описано 100 минералов и их разновидностей. Описание минералов представлено в виде таблиц, в которых отмечены характерные свойства минералов (химическая формула, сингония, кристаллографические формы выделения, цвет, блеск, удельный вес, сходные минералы и их отличия, в каких породах встречаются, спутники и их значение).Для каждого минерала отрисованы и представлены в цветовом многообразии кристалломорфологические формы минералов, а также подобраны фото и описание физических свойств из интернет ресурса (<http://.catalogmineralov.ru/>), что дает возможность для самостоятельного изучения минералов. Предназначено для школьников старших классов, обучающихся в ШКОЛЕ ЮНОГО ГЕОЛОГА при Томском политехническом университете. 
452 1 |0 (RuTPU)RU\TPU\book\290593  |t Минералогия в таблицах  |o справочное пособие для учащихся Школы юного геолога  |f Национальный исследовательский Томский политехнический университет (ТПУ), Институт природных ресурсов (ИПР), Кафедра общей геологии и землеустройства (ОГЗ) ; сост. Н. Н. Мартынова  |c Томск  |n Изд-во ТПУ  |d 2014 
606 1 |a Минералогия  |2 stltpush  |3 (RuTPU)RU\TPU\subj\43907  |9 63333 
610 1 |a справочные пособия 
610 1 |a таблицы 
610 1 |a минералы 
610 1 |a относительная твердость 
610 1 |a абсолютная твердость 
610 1 |a диагностические таблицы 
610 1 |a самородные элементы 
610 1 |a сульфиды 
610 1 |a оксиды 
610 1 |a гидроксиды 
610 1 |a карбонаты 
610 1 |a сульфаты 
610 1 |a фосфаты 
610 1 |a вольфроматы 
610 1 |a полевые шпаты 
610 1 |a цеолиты 
675 |a 549(03)  |v 3 
702 1 |a Мартынова  |b Н. Н.  |c специалист в области экологии и безопасности жизнедеятельности, геолог  |c инженер Томского политехнического университета  |f 1949-  |g Надежда Николаевна  |2 stltpush  |3 (RuTPU)RU\TPU\pers\30387  |4 220 
712 0 2 |a Национальный исследовательский Томский политехнический университет (ТПУ)  |c (2009- )  |2 stltpush  |3 (RuTPU)RU\TPU\col\15902 
801 1 |a RU  |b 63413507  |c 20140516 
801 2 |a RU  |b 63413507  |c 20140730  |g RCR 
900 |a Минералогия 
942 |c BK 
954 |l 3